| 000 | 01016nac a22002291u 4500 | ||
|---|---|---|---|
| 008 | 100913t xxu||||| |||| 00| 0 eng d | ||
| 010 | _a006613630 | ||
| 020 | _a9810249527 | ||
| 082 |
_a627.58 _bADV |
||
| 245 |
_aAdvances in Coastal and Ocean Engineering : _bInteraction of strong turbulence with free surfaces / _cGuest editors M. Brocchini , D.H.Pergrine; Editor Philip L.-F. Liu |
||
| 260 |
_aGenova, Italy _bWorld Scientific, _c2002. |
||
| 300 |
_a145 P. ; _c22cm. |
||
| 490 |
_aAdvances in coastal and ocean engineering ; vol 8 _vvol 8 _918862 |
||
| 500 | _aPapers based on those given at the conference. | ||
| 600 |
_aM.Brocchini , D.H.Pergrine _918863 |
||
| 650 |
_aCoastal engineering _918860 |
||
| 650 |
_aOcean engineering _918861 |
||
| 700 |
_918858 _aBrocchini, M. |
||
| 700 |
_918859 _aPeregrine, D. H. |
||
| 942 |
_cBB _k627.58ADV _2ddc |
||
| 999 |
_c2548 _d2548 |
||